[Event "Stay Safe Play From Home 219"]
[Site "T#646719Emanuel Laske"]
[Date "2020.06.11"]
[Round "5"]
[White "Lazieri3"]
[Black "Indianquant"]
[Result "1/2-1/2"]
[WhiteElo "2160"]
[BlackElo "2342"]
[Annotator "TA"]
[PlyCount "116"]
[EventDate "2020.06.11"]
[EventType "swiss (blitz)"]

{[%evp 9,116,-18,-13,-34,-16,-20,-9,-4,4,0,-14,-6,-4,-7,-9,0,38,30,44,5,12,29,27,24,31,27,27,12,14,0,0,-3,0,-78,-70,-66,-69,-83,-79,-99,-63,-228,-220,-278,-273,-268,0,0,0,0,1,-7,265,238,413,416,387,72,58,-135,-135,-150,-119,-123,-61,-106,73,84,83,93,96,0,0,0,0,0,0,0,0,0,0,0,0,0,0,0,0,0,0,0,0,0,0,0,0,0,0,0,0,0,0,0,0,0,0,0,0,0,0]} 1. e4 c5 2. Nc3 Nc6 3. d3 g6 4. Nf3 Bg7 5. Be3 d6 6. Qd2 {B30: Sicilian: 2...Nc6 3 Bb5, lines without ...g6.} Nd4 7. Be2 $1 Nxe2 8. Qxe2 Nf6 {[#]} 9. h3 $146 ({Predecessor:} 9. O-O-O Bg4 10. h3 Be6 11. Qd2 Qa5 12. a3 b5 13. e5 Nd7 14. exd6 exd6 15. Ne4 Qxd2+ 16. Rxd2 {1-0 (45) Kuzmanovic,I-Miklos,A Kragujevac 2011}) 9... O-O 10. Qd2 Re8 11. Bh6 Bh8 12. O-O Rb8 13. a4 e5 14. b3 d5 15. Bg5 {With the idea Nxd5.} d4 16. Nd5 Be6 17. Nxf6+ Bxf6 18. Bxf6 Qxf6 19. Qg5 Qxg5 20. Nxg5 Bd7 21. f4 (21. Nf3 $11 {keeps the balance.}) 21... h6 $17 22. Nf3 exf4 23. b4 cxb4 24. Nxd4 g5 25. Nb5 $2 ({White should play} 25. a5 $1 $15) 25... a5 $19 26. Nc7 Re5 ({Resist} 26... Rec8 27. Nd5 $19) 27. Nd5 {aiming for Nf6+.} Rc8 $2 (27... Bc6 $19 28. Nf6+ Kg7) 28. Nf6+ $11 {[%mdl 64] Double Attack} Kg7 29. Nxd7 Re6 $1 {White should prevent ...Rc7.} 30. e5 Rcc6 $2 {[%mdl 8192]} (30... Rc7 $1 $11 {and Black is okay.} 31. Nf6 Rxe5) 31. d4 $1 $18 {[%cal Rd4d5] Black must now prevent d5.} Rc7 $2 (31... Rxc2 32. Rab1 Re8) 32. d5 ({Weaker is} 32. Nc5 Rec6 $18) 32... Re8 {[#]} 33. Nf6 $2 (33. Nb6 $1 $18 {is the precise move to win.}) 33... Rxe5 $16 34. Ng4 $2 (34. d6 $14 {was the only good move.} Rc8 35. Ng4) 34... Rxd5 $17 35. Rf2 Rc3 36. Re1 h5 (36... b5 $17 37. axb5 Rxb5) 37. Ne5 {[#]} Re3 $2 (37... f6 $1 $17 {[%cal Rf6e5]} 38. Nd3 b3 39. Nxf4 gxf4 40. cxb3 Re3) 38. Rxe3 $16 fxe3 39. Rxf7+ {[%mdl 4160] Endgame Double Attack. KRN-KR} Kg8 40. Re7 ({Better is} 40. Rf5 $16) 40... Rd1+ $11 {The position is equal.} 41. Kh2 {Nc4 is the strong threat.} e2 42. Nf3 g4 43. hxg4 $1 hxg4 44. Rxe2 {Strongly threatening Ne5.} gxf3 45. gxf3 {KR-KR} Ra1 46. Re7 Rxa4 47. Rxb7 Ra3 48. Kg3 Rc3 49. Ra7 Rxc2 {Threatens to win with ...Rc5.} 50. Rxa5 Kf7 51. Ra6 Rc4 52. Rb6 Ke7 53. Kf2 Kd7 54. Ke3 Kc7 55. Rh6 Rc3+ 56. Kd4 Rxf3 57. Kc4 Rf7 58. Kxb4 Kd8 {Accuracy: White = 73%, Black = 74%.} 1/2-1/2

[Event "Stay Safe Play From Home 219"]
[Site "T#646719Emanuel Laske"]
[Date "2020.06.11"]
[Round "5"]
[White "Weltszmerc"]
[Black "Timbre"]
[Result "0-1"]
[WhiteElo "2150"]
[BlackElo "1626"]
[Annotator "TA"]
[PlyCount "148"]
[EventDate "2020.06.11"]
[EventType "swiss (blitz)"]

{[%evp 9,148,0,0,-4,-12,-20,13,-24,28,21,33,-3,0,-38,-35,-30,-34,-39,-8,-10,130,41,44,37,171,125,125,122,202,120,152,24,136,138,197,31,45,0,0,0,3,0,0,-5,0,0,0,0,8,7,0,-4,-4,-12,13,-4,87,-12,0,0,0,0,10,8,8,0,0,0,0,0,0,0,0,0,0,0,0,0,0,0,0,0,0,0,0,0,0,-29979,-29980,-29980,-29981,-29982,-29983,-29983,-29984,-29985,-29986,-29986,-29984,-29984,-29984,-29985,-29986,-29986,-29987,-29987,-29978,-29978,-29979,-29979,-29980,-29981,-29982,-29982,-29982,-29983,-29984,-29988,-29989,-29989,-29990,-29990,-29991,-29991,-29992,-29993,-29994,-29994,-29995,-29995,-29996,-29996,-29995,-29997,-29996,-29996,-29997,-29997,-29998,-29998,-29999]} 1. d4 d5 2. c4 c6 3. Nf3 Nf6 4. g3 Bf5 5. Qb3 Qb6 6. c5 {D11: Slav Defence: 3 Nf3 sidelines and 3...Nf6 4 e3 Bg4.} Qxb3 7. axb3 e6 {[#]} 8. b4 $146 {The position is equal.} ({Predecessor:} 8. Nc3 Nbd7 9. b4 Ne4 10. b5 Nxc3 11. bxc6 bxc6 12. bxc3 a5 13. Nh4 Bc2 14. Kd2 {0-1 (42) Exler,V (2213)-Hapala,E (2074) Austria 2015}) 8... a6 (8... Na6 $142) 9. Nc3 $11 Be7 10. b5 Ne4 11. bxa6 Nxa6 12. Bg2 O-O {White must now prevent ...Nb4.} 13. O-O Nxc3 14. bxc3 Rae8 (14... Nc7 $11 15. Bb2 Bf6) 15. h3 (15. Ne5 $1 $16) 15... Be4 $14 16. Ne5 {Hoping for Bxe4.} Rd8 (16... Bxg2 $14 17. Kxg2 Ra8) 17. Bd2 Bxg2 18. Kxg2 Bf6 {[#]} (18... Ra8 $16) 19. Nd3 (19. Nxc6 $1 $18 {[%mdl 512]} bxc6 20. Rxa6) 19... Rfe8 20. f4 (20. Rfb1 $16) 20... h6 (20... Nc7 $11 {keeps the balance.}) 21. Rfb1 $16 Rb8 {[#]} (21... Rd7 $16 22. Nf2 Bd8) 22. Rb3 $2 (22. Rb6 $1 $18) 22... Nc7 $14 23. Ne5 Bxe5 24. fxe5 Nb5 25. Rb4 Rf8 26. Rba4 f6 27. exf6 Rxf6 28. Ra8 Rff8 (28... Rbf8 {is more complex.} 29. Rxf8+ Rxf8 30. h4 Re8 31. Kf3 e5) 29. Rxb8 Rxb8 $11 {[%mdl 4096] Endgame KRB-KRN} 30. e3 Kf7 31. g4 Kf6 32. Be1 e5 (32... Re8 $11) 33. Kf2 ({Better is} 33. Bg3 $16 Kg6 34. Bxe5) 33... exd4 34. cxd4 Ke6 35. Ke2 g6 36. Bg3 Rf8 37. Rf1 (37. Kd3 {looks sharper.} Rf3 38. Rg1 g5 39. h4 Rf8 40. Ra1) 37... Rxf1 (37... Nc3+ {seems wilder.} 38. Ke1 Ra8 39. Rf3 Ra1+ 40. Kd2 Ne4+) 38. Kxf1 {KB-KN} Nc3 39. Ke1 Ne4 40. Bh2 h5 41. gxh5 gxh5 {Strongly threatening ...Ng5.} 42. Ke2 Nc3+ 43. Kd3 Ne4 {And now ...Nf2+ would win.} 44. Ke2 Kf5 45. Kf3 Nd2+ 46. Ke2 Nc4 47. Kf3 Nd2+ 48. Kg3 $2 {[%mdl 8192]} (48. Ke2 $11 Ne4 49. Bf4) 48... Nf1+ {[%mdl 64] Double Attack. Black mates.} 49. Kg2 Nxh2 50. Kxh2 {KP-KP} Ke4 51. Kg3 Kxe3 52. Kh4 Kxd4 53. Kxh5 Kxc5 54. Kg4 d4 55. h4 d3 56. Kf3 Kd4 57. h5 Ke5 58. Ke3 Kf5 59. Kxd3 {KPP-KP} Kg5 60. Kc4 Kxh5 {KP-KP} 61. Kc5 Kg5 62. Kb6 Kf5 63. Kxb7 {KP-K} c5 64. Kb6 c4 65. Kb5 c3 66. Kb4 c2 67. Kb3 c1=Q 68. Ka2 Ke5 69. Kb3 Kd5 70. Ka2 Kc5 71. Kb3 Qc4+ 72. Ka3 Qb4+ 73. Ka2 Kc4 74. Ka1 Kc3 {Black used his chance. Accuracy: White = 70%, Black = 70%.} 0-1

[Event "Stay Safe Play From Home 219"]
[Site "T#646719Emanuel Laske"]
[Date "2020.06.11"]
[Round "5"]
[White "Position"]
[Black "Little champs"]
[Result "0-1"]
[WhiteElo "2009"]
[BlackElo "2115"]
[Annotator "TA"]
[PlyCount "66"]
[EventDate "2020.06.11"]
[EventType "swiss (blitz)"]

{[%evp 9,66,-19,-22,-28,-30,-37,-36,-35,-29,-64,-20,-31,-19,-122,-110,-139,85,80,71,83,81,70,93,92,101,46,79,89,91,62,141,132,113,39,168,155,157,40,95,107,192,89,165,99,173,13,235,232,730,728,673,-23,-22,-28,-8,-25,6,-1551,-1341]} 1. e4 c5 2. Ne2 d6 3. Nf4 Nf6 4. Nc3 {[#]} g6 $146 ({Predecessor:} 4... a6 5. a4 Nc6 6. g3 g6 7. Bg2 Bg7 8. Ncd5 e6 9. Nxf6+ Bxf6 10. c3 O-O {1-0 (43) Arnijas Fabregas,M (1936)-Riera Marcos,A (1792) Llinars del Valles 2015}) 5. Bc4 Bg7 6. O-O {B20: Sicilian: Unusual White 2nd moves.} O-O 7. h3 Nc6 8. a3 {Black is slightly better.} a6 9. a4 Bh6 10. d3 Bg7 $1 11. a5 (11. Nfd5 $11) 11... e6 $17 12. Bd2 d5 $2 (12... Nxa5 $17 {and life is bright.} 13. Ba2 b5) 13. exd5 $16 exd5 14. Nfxd5 Nxd5 15. Nxd5 Bxb2 16. Rb1 Bg7 17. Re1 (17. Qc1 $16) 17... Be6 18. Nb6 Bxc4 19. Nxc4 Ra7 ({Black should try} 19... Qc7 $14) 20. Qg4 Nd4 21. c3 (21. Bg5 $16 Bf6 22. Bxf6 Qxf6 23. Nb6) 21... Ne6 (21... Nb5 $14) 22. Qf3 $18 Qd7 23. Ne5 (23. Rb6 $16) 23... Bxe5 (23... Qc7 $14 24. Nc4 Rd8) 24. Rxe5 $16 Rd8 (24... Qc7 $16 25. Qe2 Qxa5) 25. Re3 (25. d4 $1 $18 {is the precise move to win.}) 25... Qc7 {[#]} (25... Raa8 $16) 26. Qf6 (26. c4 $1 $18) 26... Raa8 {[#]} (26... Rd7 $16) 27. Rf3 $2 ({White should play} 27. c4 $1 $18) 27... Rd6 $2 (27... Rd7 $11 {and Black is okay.}) 28. Bh6 $18 {Hoping for Re1.} Rad8 $2 (28... Re8 29. Re1 Rdd8) 29. Re1 {White wants to mate with Rxe6!} Rxd3 30. g3 $2 ({Only move:} 30. Rxd3 $18 {White threatens Rxe6! and mate.} Rxd3 31. f4) 30... Rxf3 $11 31. Qxf3 Qe7 ({Much worse is} 31... Qxa5 $6 32. Qf6 $14) 32. h4 Re8 {...Nd4 is the strong threat.} 33. Bg5 $2 {[%mdl 8192]} (33. Rb1 $11 Rb8 34. Rb6) 33... Nxg5 {[%mdl 64] Discovered Attack. Accuracy: White = 37%, Black = 39%.} 0-1

[Event "Stay Safe Play From Home 219"]
[Site "T#646719Emanuel Laske"]
[Date "2020.06.11"]
[Round "5"]
[White "Haxhi Baha"]
[Black "Haris kollari 13"]
[Result "1-0"]
[WhiteElo "1947"]
[BlackElo "1910"]
[Annotator "NA RC"]
[PlyCount "57"]
[EventDate "2020.06.11"]
[EventType "swiss (blitz)"]

1. c4 {[%emt 0:00:04]} g6 {[%emt 0:00:05]} 2. Nc3 {[%emt 0:00:01]} Bg7 {[%emt 0:00:00]} 3. h4 {[%emt 0:00:01]} b6 {[%emt 0:00:01]} 4. h5 {[%emt 0:00:01]} Bb7 {[%emt 0:00:02]} 5. d4 {[%emt 0:00:02]} h6 {[%emt 0:00:04]} 6. hxg6 {[%emt 0:00:01]} fxg6 {[%emt 0:00:01]} 7. Qd3 {[%emt 0:00:01]} Kf7 {[%emt 0:00:03]} 8. Nf3 {[%emt 0:00:05]} d6 {[%emt 0:00:02]} 9. Nh4 {[%emt 0:00:03]} g5 {[%emt 0:00:11]} 10. Qg6+ {[%emt 0:00:10]} Kf8 {[%emt 0:00:01]} 11. Nf5 {[%emt 0:00:04]} Bf6 {[%emt 0:00:03]} 12. Nxh6 {[%emt 0:00:10]} Nxh6 {[%emt 0:00:02]} 13. Rxh6 {[%emt 0:00:00]} Rxh6 {[%emt 0:00:01]} 14. Qxh6+ {[%emt 0:00:00]} Kf7 {[%emt 0:00:01]} 15. Qh7+ {[%emt 0:00:04]} Ke6 {[%emt 0:00:03]} 16. d5+ {[%emt 0:00:15]} Kd7 {[%emt 0:00:08]} 17. Qf5+ {[%emt 0:00:01]} Ke8 {[%emt 0:00:01]} 18. Bxg5 {[%emt 0:00:03]} Bxg5 {[%emt 0:00:02]} 19. Qxg5 {[%emt 0:00:00]} Nd7 {[%emt 0:00:03]} 20. e4 {[%emt 0:00:08]} Ne5 {[%emt 0:00:02]} 21. Be2 {[%emt 0:00:01]} Kd7 {[%emt 0:00:09]} 22. Qf5+ {[%emt 0:00:02]} Ke8 {[%emt 0:00:11]} 23. Bh5+ {[%emt 0:00:01]} Nf7 {[%emt 0:00:03]} 24. Bxf7+ {[%emt 0:00:03]} Kf8 {[%emt 0:00:01]} 25. Be6+ {[%emt 0:00:00]} Kg7 {[%emt 0:00:00]} 26. Qf7+ {[%emt 0:00:02]} Kh6 {[%emt 0:00:01]} 27. O-O-O {[%emt 0:00:01]} Qf8 {[%emt 0:00:04]} 28. Rh1+ {[%emt 0:00:03]} Kg5 {[%emt 0:00:01]} 29. Rh5# {[%emt 0:00:00] (Lag: Av=0.63s, max=3.1s)} 1-0

[Event "Stay Safe Play From Home 219"]
[Site "T#646719Emanuel Laske"]
[Date "2020.06.11"]
[Round "5"]
[White "Matanant"]
[Black "Klasman"]
[Result "1-0"]
[WhiteElo "1814"]
[BlackElo "1715"]
[Annotator "NA RC"]
[PlyCount "31"]
[EventDate "2020.06.11"]
[EventType "swiss (blitz)"]

1. e4 {[%emt 0:00:04]} f5 {[%emt 0:00:01]} 2. exf5 {[%emt 0:00:12]} Nf6 {[%emt 0:00:03]} 3. Bd3 {[%emt 0:00:05]} d5 {[%emt 0:00:01]} 4. Ne2 {[%emt 0:00:02]} c5 {[%emt 0:00:02]} 5. Ng3 {[%emt 0:00:02]} c4 {[%emt 0:00:02]} 6. Be2 {[%emt 0:00:01]} Nc6 {[%emt 0:00:01]} 7. Bh5+ {[%emt 0:00:04]} Kd7 {[%emt 0:00:07]} 8. Bf7 {[%emt 0:00:03]} Kc7 {[%emt 0:00:07]} 9. d4 {[%emt 0:00:03]} Ne4 {[%emt 0:00:02]} 10. Bf4+ {[%emt 0:00:05]} e5 {[%emt 0:00:08]} 11. fxe6+ {[%emt 0:00:03]} Bd6 {[%emt 0:00:05]} 12. Bxd6+ {[%emt 0:00:08]} Qxd6 {[%emt 0:00:02]} 13. Nxe4 {[%emt 0:00:02]} dxe4 {[%emt 0:00:01]} 14. d5 {[%emt 0:00:05]} Ne5 {[%emt 0:00:07]} 15. Nc3 {[%emt 0:00:09]} Nxf7 {[%emt 0:00:02]} 16. Nb5+ {[%emt 0:00:03] Klasman resigns (Lag: Av=0.58s, max=0.7s)} 1-0

[Event "Stay Safe Play From Home 219"]
[Site "T#646719Emanuel Laske"]
[Date "2020.06.11"]
[Round "5"]
[White "Edmatuag"]
[Black "Dukic"]
[Result "0-1"]
[WhiteElo "1637"]
[BlackElo "1888"]
[Annotator "NA RC"]
[PlyCount "76"]
[EventDate "2020.06.11"]
[EventType "swiss (blitz)"]

1. e4 {[%emt 0:00:01]} c6 {[%emt 0:00:02]} 2. Nf3 {[%emt 0:00:01]} d6 {[%emt 0:00:00]} 3. d4 {[%emt 0:00:02]} Bg4 {[%emt 0:00:06]} 4. Bc4 {[%emt 0:00:01]} e6 {[%emt 0:00:02]} 5. c3 {[%emt 0:00:02]} Nd7 {[%emt 0:00:01]} 6. Bf4 {[%emt 0:00:01]} Ngf6 {[%emt 0:00:02]} 7. Nbd2 {[%emt 0:00:01]} d5 {[%emt 0:00:03]} 8. Bd3 {[%emt 0:00:02]} dxe4 {[%emt 0:00:03]} 9. Nxe4 {[%emt 0:00:01]} Nxe4 {[%emt 0:00:04]} 10. Bxe4 {[%emt 0:00:00]} Be7 {[%emt 0:00:01]} 11. Qc2 {[%emt 0:00:02]} Nf6 {[%emt 0:00:04]} 12. Bd3 {[%emt 0:00:02]} O-O {[%emt 0:00:01]} 13. O-O-O {[%emt 0:00:03]} Qd5 {[%emt 0:00:05]} 14. Kb1 {[%emt 0:00:03]} Bxf3 {[%emt 0:00:04]} 15. gxf3 {[%emt 0:00:04]} Qxf3 {[%emt 0:00:01]} 16. Be5 {[%emt 0:00:03]} g6 {[%emt 0:00:05]} 17. Rhg1 {[%emt 0:00:02]} Nd7 {[%emt 0:00:09]} 18. Be4 {[%emt 0:00:05]} Qh3 {[%emt 0:00:04]} 19. Rg3 {[%emt 0:00:04]} Qh4 {[%emt 0:00:04]} 20. Bf4 {[%emt 0:00:06]} Qxf4 {[%emt 0:00:02]} 21. Rdg1 {[%emt 0:00:02]} Nf6 {[%emt 0:00:15]} 22. Bd3 {[%emt 0:00:02]} Rad8 {[%emt 0:00:03]} 23. h4 {[%emt 0:00:06]} Kh8 {[%emt 0:00:03]} 24. Rh1 {[%emt 0:00:10]} Nh5 {[%emt 0:00:04]} 25. Rgh3 {[%emt 0:00:04]} c5 {[%emt 0:00:02]} 26. Qe2 {[%emt 0:00:06]} cxd4 {[%emt 0:00:02]} 27. Rf3 {[%emt 0:00:02]} Qd6 {[%emt 0:00:04]} 28. c4 {[%emt 0:00:05]} Bf6 {[%emt 0:00:02]} 29. Qe4 {[%emt 0:00:09]} Bg7 {[%emt 0:00:02]} 30. Qg4 {[%emt 0:00:03]} f5 {[%emt 0:00:04]} 31. Qg5 {[%emt 0:00:03]} e5 {[%emt 0:00:03]} 32. Be2 {[%emt 0:00:03]} e4 {[%emt 0:00:02]} 33. Rb3 {[%emt 0:00:02]} d3 {[%emt 0:00:01]} 34. Bxh5 {[%emt 0:00:02]} gxh5 {[%emt 0:00:03]} 35. Rxb7 {[%emt 0:00:02]} Rd7 {[%emt 0:00:03]} 36. Rxd7 {[%emt 0:00:03]} Qxd7 {[%emt 0:00:01]} 37. Rg1 {[%emt 0:00:02]} Qd4 {[%emt 0:00:03]} 38. Qxh5 {[%emt 0:00:04]} Qxb2# {[%emt 0:00:02] (Lag: Av=0.51s, max=2.9s)} 0-1

[Event "Stay Safe Play From Home 219"]
[Site "T#646719Emanuel Laske"]
[Date "2020.06.11"]
[Round "5"]
[White "Fingerfehler1"]
[Black "Don59as"]
[Result "0-1"]
[WhiteElo "1633"]
[BlackElo "1997"]
[Annotator "NA RC"]
[PlyCount "56"]
[EventDate "2020.06.11"]
[EventType "swiss (blitz)"]

1. e4 {[%emt 0:00:03]} e5 {[%emt 0:00:01]} 2. Nf3 {[%emt 0:00:02]} Nc6 {[%emt 0:00:01]} 3. Bc4 {[%emt 0:00:02]} d6 {[%emt 0:00:01]} 4. d4 {[%emt 0:00:03]} exd4 {[%emt 0:00:02]} 5. Nxd4 {[%emt 0:00:01]} Nf6 {[%emt 0:00:01]} 6. Nc3 {[%emt 0:00:02]} Be7 {[%emt 0:00:01]} 7. O-O {[%emt 0:00:02]} O-O {[%emt 0:00:01]} 8. a4 {[%emt 0:00:06]} Bd7 {[%emt 0:00:01]} 9. Be3 {[%emt 0:00:11]} a6 {[%emt 0:00:02]} 10. Qd2 {[%emt 0:00:02]} Nb4 {[%emt 0:00:03]} 11. Rfe1 {[%emt 0:00:17]} c5 {[%emt 0:00:04]} 12. Nf3 {[%emt 0:00:10]} Bc6 {[%emt 0:00:09]} 13. Bg5 {[%emt 0:00:04]} h6 {[%emt 0:00:03]} 14. Bf4 {[%emt 0:00:15]} Nh5 {[%emt 0:00:10]} 15. Be3 {[%emt 0:00:11]} Nf6 {[%emt 0:00:17]} 16. Nd5 {[%emt 0:00:18]} Nxe4 {[%emt 0:00:09]} 17. Nxe7+ {[%emt 0:00:02]} Qxe7 {[%emt 0:00:02]} 18. Qe2 {[%emt 0:00:06]} d5 {[%emt 0:00:03]} 19. Bd3 {[%emt 0:00:05]} Nxd3 {[%emt 0:00:06]} 20. cxd3 {[%emt 0:00:07]} Nf6 {[%emt 0:00:01]} 21. d4 {[%emt 0:00:05]} c4 {[%emt 0:00:05]} 22. Qd2 {[%emt 0:00:07]} Ne4 {[%emt 0:00:02]} 23. Qc2 {[%emt 0:00:06]} Qf6 {[%emt 0:00:08]} 24. a5 {[%emt 0:00:04]} Rfe8 {[%emt 0:00:02]} 25. Ne5 {[%emt 0:00:03]} Rac8 {[%emt 0:00:10]} 26. h3 {[%emt 0:00:16]} Nd6 {[%emt 0:00:10]} 27. Nxc6 {[%emt 0:00:03]} bxc6 {[%emt 0:00:02]} 28. f4 {[%emt 0:00:05]} Nb5 {[%emt 0:00:01] Zeit (Lag: Av=0.71s, max=1.5s)} 0-1

[Event "Stay Safe Play From Home 219"]
[Site "T#646719Emanuel Laske"]
[Date "2020.06.11"]
[Round "5"]
[White "Matze69"]
[Black "Greblah"]
[Result "0-1"]
[WhiteElo "1265"]
[BlackElo "1864"]
[Annotator "NA RC"]
[PlyCount "112"]
[EventDate "2020.06.11"]
[EventType "swiss (blitz)"]

1. e4 {[%emt 0:00:02]} c6 {[%emt 0:00:00]} 2. Nf3 {[%emt 0:00:03]} d5 {[%emt 0:00:00]} 3. Nc3 {[%emt 0:00:07]} Nf6 {[%emt 0:00:01]} 4. exd5 {[%emt 0:00:02]} cxd5 {[%emt 0:00:02]} 5. d4 {[%emt 0:00:02]} Nc6 {[%emt 0:00:01]} 6. Bb5 {[%emt 0:00:05]} Bg4 {[%emt 0:00:01]} 7. O-O {[%emt 0:00:02]} e6 {[%emt 0:00:01]} 8. Qd3 {[%emt 0:00:02]} Bd6 {[%emt 0:00:02]} 9. Re1 {[%emt 0:00:07]} O-O {[%emt 0:00:01]} 10. Ne5 {[%emt 0:00:02]} Bf5 {[%emt 0:00:08]} 11. Qg3 {[%emt 0:00:04]} Nxd4 {[%emt 0:00:03]} 12. Bh6 {[%emt 0:00:10]} Nh5 {[%emt 0:00:11]} 13. Qh4 {[%emt 0:00:08]} Qxh4 {[%emt 0:00:02]} 14. Be3 {[%emt 0:00:08]} Nxc2 {[%emt 0:00:02]} 15. g3 {[%emt 0:00:04]} Qb4 {[%emt 0:00:05]} 16. Nd3 {[%emt 0:00:08]} Bxd3 {[%emt 0:00:09]} 17. Bxd3 {[%emt 0:00:02]} Nxa1 {[%emt 0:00:01]} 18. Rxa1 {[%emt 0:00:03]} Qxb2 {[%emt 0:00:01]} 19. Rc1 {[%emt 0:00:04]} Rac8 {[%emt 0:00:07]} 20. Rc2 {[%emt 0:00:09]} Qxc2 {[%emt 0:00:01]} 21. Bxc2 {[%emt 0:00:02]} Rxc3 {[%emt 0:00:00]} 22. Bb3 {[%emt 0:00:03]} Rxb3 {[%emt 0:00:01]} 23. axb3 {[%emt 0:00:02]} e5 {[%emt 0:00:01]} 24. h4 {[%emt 0:00:03]} Nf6 {[%emt 0:00:03]} 25. Kg2 {[%emt 0:00:01]} d4 {[%emt 0:00:01]} 26. Bc1 {[%emt 0:00:04]} Nd5 {[%emt 0:00:00]} 27. Bb2 {[%emt 0:00:02]} b5 {[%emt 0:00:02]} 28. f4 {[%emt 0:00:01]} a5 {[%emt 0:00:02]} 29. fxe5 {[%emt 0:00:02]} Bxe5 {[%emt 0:00:00]} 30. Kf3 {[%emt 0:00:01]} f5 {[%emt 0:00:02]} 31. g4 {[%emt 0:00:02]} g6 {[%emt 0:00:05]} 32. h5 {[%emt 0:00:03]} a4 {[%emt 0:00:01]} 33. gxf5 {[%emt 0:00:02]} Rxf5+ {[%emt 0:00:05]} 34. Ke4 {[%emt 0:00:02]} Nc3+ {[%emt 0:00:01]} 35. Kd3 {[%emt 0:00:04]} axb3 {[%emt 0:00:03]} 36. Bxc3 {[%emt 0:00:02]} dxc3 {[%emt 0:00:03]} 37. Ke3 {[%emt 0:00:03]} c2 {[%emt 0:00:04]} 38. Kd2 {[%emt 0:00:01]} Bf4+ {[%emt 0:00:01]} 39. Kc3 {[%emt 0:00:03]} c1=Q+ {[%emt 0:00:02]} 40. Kxb3 {[%emt 0:00:02]} Qc4+ {[%emt 0:00:01]} 41. Kb2 {[%emt 0:00:02]} gxh5 {[%emt 0:00:04]} 42. Ka1 {[%emt 0:00:03]} h4 {[%emt 0:00:02]} 43. Kb2 {[%emt 0:00:02]} h3 {[%emt 0:00:01]} 44. Ka1 {[%emt 0:00:01]} h2 {[%emt 0:00:01]} 45. Kb2 {[%emt 0:00:01]} h5 {[%emt 0:00:02]} 46. Ka3 {[%emt 0:00:04]} h1=Q {[%emt 0:00:05]} 47. Kb2 {[%emt 0:00:02]} h4 {[%emt 0:00:01]} 48. Ka3 {[%emt 0:00:03]} h3 {[%emt 0:00:01]} 49. Kb2 {[%emt 0:00:02]} h2 {[%emt 0:00:02]} 50. Ka3 {[%emt 0:00:02]} Qg1 {[%emt 0:00:02]} 51. Kb2 {[%emt 0:00:02]} h1=Q {[%emt 0:00:08]} 52. Ka3 {[%emt 0:00:02]} Qcc1+ {[%emt 0:00:05]} 53. Kb4 {[%emt 0:00:03]} Qb1+ {[%emt 0:00:03]} 54. Ka5 {[%emt 0:00:02]} b4+ {[%emt 0:00:01]} 55. Ka4 {[%emt 0:00:04]} Rf8 {[%emt 0:00:10]} 56. Ka5 {[%emt 0:00:04]} b3 {[%emt 0:00:03] Matze69 gibt auf (Lag: Av=0.83s, max=1.4s)} 0-1

[Event "Stay Safe Play From Home 219"]
[Site "T#646719Emanuel Laske"]
[Date "2020.06.11"]
[Round "6"]
[White "Little champs"]
[Black "Lazieri3"]
[Result "0-1"]
[WhiteElo "2127"]
[BlackElo "2169"]
[Annotator "TA"]
[PlyCount "28"]
[EventDate "2020.06.11"]
[EventType "swiss (blitz)"]

{[%evp 9,27,6,40,22,40,17,66,31,112,-215,-227,-224,-230,-218,-205,-808,-778,-2069,-879,-29999]} 1. d4 c6 2. g3 d5 3. Bg2 Bf5 4. Nf3 Nf6 5. O-O Qc8 6. b3 {D02: 1 d4 d5 2 Nf3 sidelines, including 2...Nf6 3 g3 and 2...Nf6 3 Bf4.} Bh3 {[#]} 7. Nbd2 $146 ({Predecessor:} 7. c4 Bxg2 8. Kxg2 e6 9. Nc3 Bb4 10. Bd2 Bxc3 11. Bxc3 O-O 12. Rc1 Re8 13. Ne5 Nbd7 {1-0 (24) Pfitzer,N (2038)-Heinzel,P (2028) Freudenstadt 2014}) 7... h5 8. c4 {White is slightly better.} h4 (8... g6 $14) 9. cxd5 $2 {[%mdl 8192] This move loses the game for White.} ({Don't go for} 9. Nxh4 $2 Rxh4 $1 {[%mdl 512]} 10. Bxh3 (10. gxh4 $2 {gets mated.} Qg4 {[%mdl 64] Double Attack} 11. cxd5 Qxg2#) 10... Rxh3 $19) (9. Bxh3 $16 {keeps the pressure on.} Qxh3 10. Ng5) 9... hxg3 $19 10. fxg3 Bxg2 11. Kxg2 {[#]} Qh3+ $1 12. Kf2 $2 (12. Kg1 Ng4 13. Rf2) 12... Ng4+ {[%mdl 64] Double Attack} 13. Kg1 Ne3 (13... Nxh2 $142 14. Rf2 Nxf3+ 15. Rxf3 Qh1+ 16. Kf2 Rh2+ 17. Ke3 Qxd1) 14. Qe1 Qg2# {Accuracy: White = 19%, Black = 57%.} 0-1